| 000 | 01207cam a22003011i 4500 | ||
|---|---|---|---|
| 001 | 34477 | ||
| 003 | BD-RjUL | ||
| 005 | 20211209052151.0 | ||
| 008 | 140517s1961 fr 000 0 eng | ||
| 035 | _a(BD-RjUL)34571 | ||
| 035 | _a(OCoLC)5531326 | ||
| 040 |
_aDLC _cNGcA _dBD-RjUL _beng |
||
| 041 | _aeng | ||
| 082 |
_a301.364098 _bSEU 1961 |
||
| 111 | 2 |
_aSeminar on Urbanization Problems in Latin America _d(1959 : _cSantiago de Chile) _9104860 |
|
| 245 | 1 | 0 |
_aUrbanization in Latin America : _bproceedings / _cEdited by Philip M. Hauser. |
| 260 |
_aParis : _bUNESCO _cc1961. |
||
| 300 |
_a331 p. ; _c22 cm. |
||
| 490 | 0 | _aTechnology and society | |
| 500 | _a"Seminar jointly sponsored by the Bureau of Social Affairs of the United Nations, the Economic Commission for Latin America, and Unesco in co-operation with the International Labour Organisation and the Organization of American States." | ||
| 504 | _aBibliographical footnotes. | ||
| 650 | 0 |
_aUrbanization _zLatin America. _9104675 |
|
| 700 | 1 |
_aHauser, Philip Morris, _d1909- _eed. _9102427 |
|
| 710 | 2 |
_aUnited Nations. _bBureau of Social Affairs. _9104859 |
|
| 942 |
_2ddc _cBK |
||
| 999 |
_c34477 _d34477 |
||